International economics theory and policy

Na minha lista:
Detalhes bibliográficos
Autor principal: Krugman, Paul R.
Outros Autores: Obstfeld, Maurice, Melitz, Marc J.
Formato: Livro
Idioma:inglês
Publicado em: Harlow Pearson 2012
Edição:9th ed.
Assuntos:
Tags: Adicionar Tag
Sem tags, seja o primeiro a adicionar uma tag!

MARC

LEADER 00000nam a2200000 4500
001 0143906
005 20240226124609.7
020 |a 978-0-273-75409-1 
020 |a 0-273-75409-2 
041 0 |a eng 
044 |a GB 
245 1 0 |a International economics  |b theory and policy  |c Paul R. Krugman, Maurice Obstfeld, Marc J. Melitz 
250 |a 9th ed. 
264 1 |a Harlow  |b Pearson  |c 2012 
300 |a 731 s.  |e 1 príloha (myeconlab) 
610 2 0 |a ekonómia 
610 2 0 |a veda ekonomická 
610 2 0 |a hospodárstvo svetové 
610 2 0 |a obchod medzinárodný 
610 2 0 |a politika obchodná 
610 2 0 |a kurz výmenný 
610 2 0 |a hospodárstvo otvorené 
610 2 0 |a politika hospodárska medzinárodná 
100 1 |a Krugman, Paul R. 
700 1 |a Obstfeld, Maurice 
700 1 |a Melitz, Marc J.